000 01271cam a22002774a 4500
001 16211270
003 ARRUPE
005 20140425020008.0
008 100430s2010 enk b 001 0 eng
010 _a 2010017902
020 _a9781849050043 (alk. paper)
040 _aDLC
_cDLC
050 0 0 _aBF51
_b.D179 1998
100 1 _aDanesh, H.B.
_95300
245 1 4 _aThe psychology of spirituality :
_bfrom divided self to integrated self /
_cDanesh, H.B
260 _aNew Delhi ;
_bSterling Paperback,
_c1998.
300 _a270p.;
_c22cm.
504 _aIncludes bibliographical references (p. 250-252) and index.
505 0 _aIntroduction -- Themes and variations -- The relevance of spirituality -- The literature on psychology and spirituality -- Paradigm shift -- Introduction to part 2 -- Childhood spirituality -- Belonging -- Searching and re-integration -- Homecoming -- Spiritual skills -- Spiritual practices.
650 0 _aSpirituality
_xPsychological aspects.
_95301
650 0 _aPsychology and religion.
_95302
650 0 _aPsychology
_xReligious aspects.
_95303
906 _a7
_bcbc
_corignew
_d1
_eecip
_f20
_gy-gencatlg
942 _2lcc
_cMONOGRAPH
_04
999 _c119127
_d119127